000 00327nam a2200133Ia 4500
005 20260328101443.0
008 260328s9999||||xx |||||||||||||| ||und||
100 _aViolich, Francis
245 0 _aCities of Latin America /
_cFrancis Violich
260 _bKingsport Press
300 _a241 p.
650 _aURBANISMO
942 _cBK
999 _c8370
_d8370